000 00308nam a22001337a 4500
008 170831b xxu||||| |||| 00| 0 eng d
020 _a2900073302712
041 _aeng
080 _25TH
_a070
100 _a40
101 _aMED
245 _aINTRODUCTION TO MASS COMMUNICATION
_cBARAN,S.J
942 _2udc
_cBK
999 _c25870
_d25870